Song Ming li xue gai shu /

Saved in:
Bibliographic Details
Main Author: Qian, Mu, 1895-1990.
Format: Book
Language:Chinese
Published: Beijing Shi :b jiu zhou chu ban she, 2011.
Edition:Di 1 ban, Xin jiao ben.
Series:Qian, Mu, 1895-1990. Qian Mu xian sheng quan ji ; [12]
Subjects:
Tags: Add Tag
No Tags, Be the first to tag this record!
LEADER 01210nam a2200349Ia 4500
001 012946292-6
005 20111018155601.0
008 111010s2011 cc a 000 0 chi d
020 |a 9787510806971 
020 |a 7510806976 
035 0 |a ocn756483998 
040 |a HUA  |c HUA  |d HMY 
043 |a a-cc--- 
050 4 |a DS721  |b .C4819 2011 vol.12 
100 1 |6 880-01  |a Qian, Mu,  |d 1895-1990. 
245 1 0 |6 880-02  |a Song Ming li xue gai shu /  |c [Qian Mu zhu] 
250 |6 880-03  |a Di 1 ban, Xin jiao ben. 
260 |6 880-04  |a Beijing Shi :b jiu zhou chu ban she,  |c 2011. 
300 |a 1, 2, 5, 6, 5, 391 p., [2] p. of plates :  |b ill. ;  |c 23 cm. 
490 1 |6 880-05  |a Qian Mu xian sheng quan ji 
650 0 |a Neo-Confucianism. 
650 0 |a Philosophers  |z China. 
880 1 |6 100-01  |a 錢穆,  |d 1895-1990. 
880 1 0 |6 245-02  |a 宋明理學概述 /  |c [錢穆著] 
880 |6 250-03  |a 第1版, 新校本. 
880 |6 260-04  |a 北京市 :  |b 九州出版社,  |c 2011. 
880 1 |6 490-05  |a 錢穆先生全集 
800 1 |6 880-06  |a Qian, Mu,  |d 1895-1990.  |t Qian Mu xian sheng quan ji ;  |v [12] 
880 1 |6 800-06  |a 錢穆,  |d 1895-1990.  |t 錢穆先生全集 ;  |v [12] 
988 |a 20111018 
049 |a HMYC  |o d 
906 |0 MH